[Event "Baden-Baden"]
[Site "Baden-Baden"]
[Date "1992.12.14"]
[Round "9"]
[White "Wahls, Matthias"]
[Black "Lobron, Eric"]
[Result "1-0"]
[WhiteElo "2540"]
[BlackElo "2625"]
[Annotator "Boensch,U"]
[PlyCount "59"]
[EventDate "1992.12.??"]
[EventType "tourn"]
[EventRounds "11"]
[EventCountry "GER"]
[EventCategory "14"]
[SourceTitle "CBM 033"]
[Source "ChessBase"]
[SourceDate "1993.04.01"]
[SourceVersion "1"]
[SourceVersionDate "1993.04.01"]
[SourceQuality "1"]

1. e4 c5 2. Nf3 d6 3. d4 cxd4 4. Nxd4 Nf6 5. Nc3 Nc6 6. Bc4 Qb6 7. Nb3 e6 8.
O-O a6 (8... Be7 9. Bg5 Ne5 (9... O-O 10. Bxf6 Bxf6 11. Qxd6 Rd8 12. Qg3 Be5
$146 (12... Qb4) 13. Qh3 Bd7 14. Kh1 Qb4 15. Bd3 $6 (15. Be2 $14) 15... Bxc3
16. bxc3 Qxc3 $15 {Sion Castro-Franco,Z Leon(01) 1992 1/2 30 -CBM 31}) 10. Be2
O-O 11. Kh1 Bd7 12. f4 Ng6 13. Qd3 Rad8 14. f5 Ne5 15. Qg3 Kh8 16. Rf4 Rc8 17.
Raf1 h6 18. Qh3 Kh7 19. Rh4 Qd8 20. Rff4 Rh8 21. Bxh6 $18 {Wahls,M-Wirthensohn,
H Hamburg SKA 1991 1-0 33}) 9. Bg5 (9. Be3 Qc7 10. f4 Be7 11. Qf3 O-O 12. Bd3
g6 $146 13. Nd4 Bd7 14. Rae1 Rac8 15. Kh1 Kh8 16. Nxc6 Bxc6 17. Qh3 b5 18. e5
dxe5 19. fxe5 Qxe5 $13 {Ivanovic,B-Kozul,Z Jugoslavia 1991 0-1 25 -Inf.53/216})
9... Qc7 10. Bxf6 gxf6 11. Qh5 b5 12. Bd3 Bb7 13. f4 O-O-O 14. f5 Qe7 15. Qe2
d5 16. a4 $1 $40 b4 17. Na2 Nb8 (17... exf5 18. Rxf5 dxe4 19. Bxa6 $16) 18. c3
$1 exf5 19. Rxf5 dxe4 20. Bc4 Rg8 21. Nxb4 (21. Rc5+ $2 Qxc5+ 22. Nxc5 Bxc5+
23. Kf1 e3 24. g3 Rd2 $19) 21... Qd7 (21... e3 22. Bd5 $16) 22. Raf1 Bd6 23.
Bd5 Bxb4 24. Qc4+ Bc6 (24... Qc7 25. Bxb7+ Kxb7 26. Qxb4+ $18) 25. cxb4 Qa7+
26. Kh1 Rxd5 (26... Qc7 27. Bxc6 Nxc6 28. Qxa6+ Qb7 29. Qxb7+ Kxb7 30. Nc5+ $18
) 27. Rxd5 e3 28. Nd4 e2 29. Re1 Rg4 30. Nxc6 {Boensch} 1-0

[Event "Cheliabinsk"]
[Site "Cheliabinsk"]
[Date "1991.??.??"]
[Round "?"]
[White "Enhbat, P."]
[Black "Sorokin, Maxim"]
[Result "0-1"]
[WhiteElo "2300"]
[BlackElo "2500"]
[Annotator "Boensch,U"]
[PlyCount "47"]
[EventDate "1991.??.??"]
[EventType "tourn"]
[EventRounds "11"]
[EventCountry "URS"]
[EventCategory "7"]
[SourceTitle "CBM 025"]
[Source "ChessBase"]
[SourceDate "1991.12.01"]
[SourceVersion "1"]
[SourceVersionDate "1991.12.01"]
[SourceQuality "1"]

1. e4 {Boensch} c5 2. Nf3 Nc6 3. d4 cxd4 4. Nxd4 Nf6 5. Nc3 d6 6. Bc4 Qb6 7.
Nb3 e6 8. O-O Be7 9. Be3 (9. Bg5 {-Rublevsky,S-Baikov,V CBM 25}) 9... Qc7 10.
f4 a6 11. a4 b6 12. Qe2 (12. Bd3 {/\ Df3}) 12... Bb7 13. Qf2 $2 (13. Bd3 $10)
13... Nb4 14. Bd3 Ng4 $1 15. Bxb6 (15. Qf3 Nxe3 16. Qxe3 Bf6 $15) 15... Nxf2
16. Bxc7 Nfxd3 17. cxd3 Rc8 18. Bb6 (18. Ba5 $15) 18... Nxd3 19. Na5 Ba8 20.
Rab1 Bf6 21. Rf3 Bxc3 22. bxc3 (22. Rxd3 Bxa5 23. Bxa5 Bxe4 $19) 22... Bxe4 23.
Re3 f5 24. Rd1 (24. Rd1 Nxf4 25. Rxd6 Nd5 $19) 0-1

[Event "DEN-ch"]
[Site "Odense"]
[Date "1994.??.??"]
[Round "3"]
[White "Mortensen, Erling"]
[Black "Larsen, Bent"]
[Result "1/2-1/2"]
[WhiteElo "2470"]
[BlackElo "2560"]
[Annotator "Boensch,U"]
[PlyCount "107"]
[EventDate "1994.07.??"]
[EventType "tourn"]
[EventRounds "9"]
[EventCountry "DEN"]
[EventCategory "10"]
[SourceTitle "CBM 041"]
[Source "ChessBase"]
[SourceDate "1994.08.01"]
[SourceVersion "1"]
[SourceVersionDate "1994.08.01"]
[SourceQuality "1"]

1. e4 c5 2. Nf3 d6 3. d4 cxd4 4. Nxd4 Nf6 5. Nc3 Bd7 $5 6. Bc4 (6. Bg5 e6 7.
Qd2 Be7 8. O-O-O O-O {-B 68}) 6... Nc6 7. O-O g6 8. Nxc6 Bxc6 (8... bxc6 9. f4
Bg4 10. Qd3 (10. Qe1 d5 11. Bd3 dxe4 12. Nxe4 Bg7 13. Nxf6+ Bxf6 14. f5 $16 {
Sokolov,A-Sax,G Brussels WCup 1988 1-0 48}) 10... Bg7 11. h3 Bc8 12. Be3 O-O
13. Rad1 Qa5 14. a3 Nxe4 $2 15. Qxe4 d5 16. Bxd5 Bf5 17. Qc4 cxd5 18. Nxd5 $18
{Velimirovic,D-Jovanovic,SD Arandjelovac (04) 1993 1-0 23}) 9. Nd5 Bg7 10. Bg5
Bxd5 11. exd5 O-O 12. Re1 h6 (12... Rc8 13. Bb3 Rc7 14. Qd2 $14 {Hardicsay,
P-Gyorkos,L HUN-chT (06) 1991 1-0 34}) 13. Bh4 a6 14. a4 Re8 15. c3 Nd7 16. Bb3
Bf6 17. Bxf6 (17. Bg3 $6 h5 18. Bf4 Kg7 19. Qd2 Rh8 $15) 17... exf6 $5 (17...
Nxf6 18. Qd2 Kg7 19. a5 $14) 18. Qd4 Re5 19. f4 Rxe1+ 20. Rxe1 b5 21. Bd1 Qb6
22. Re7 (22. Qxb6 $2 Nxb6 23. a5 Nc4 24. b4 Rc8 $17) 22... Qxd4+ 23. cxd4 Nb6 (
23... Rd8 24. axb5 axb5 25. Be2 Kf8 26. Re3 Nb6 27. Rb3 Nxd5 28. g3 $14) 24. a5
Kf8 (24... Nxd5 25. Rd7 $2 (25. Bf3 Nxe7 26. Bxa8 Nf5 27. Bb7 Nxd4 28. Bxa6 Nb3
29. Bxb5 Nxa5 30. b4 $14) 25... Nxf4 26. Rxd6 Re8 $15) 25. Rb7 Nc4 $1 (25...
Nxd5 26. Bb3 (26. Bf3 Nxf4 27. Rb6 $13) 26... Ne7 27. Rd7 Rc8 $15) 26. b4 Ne3
27. Bf3 Nc2 28. Rd7 Nxb4 $17 29. Rxd6 Ke7 30. Rb6 Rd8 31. g3 f5 32. Kf2 h5 33.
Ke2 Rc8 34. d6+ Kd7 35. Rb7+ Kxd6 36. Rxf7 Rc2+ 37. Kd1 Ke6 38. Rg7 Kf6 39. Rb7
Rxh2 40. Rb6+ Kf7 41. Bb7 h4 42. gxh4 Rxh4 43. Kd2 Rh3 (43... Rxf4 44. Kc3 Na2+
45. Kd3 Rf2 $15) 44. Bxa6 Rd3+ 45. Ke2 Rxd4 46. Bxb5 Rxf4 47. a6 Nxa6 $10 48.
Bxa6 Kg7 49. Bd3 Rh4 50. Rd6 Rf4 51. Ke3 Rh4 52. Kf3 Rg4 53. Rc6 Rh4 54. Rd6
1/2-1/2

[Event "URS-chT Republics 19th Group1"]
[Site "Azov"]
[Date "1991.??.??"]
[Round "4"]
[White "Rublevsky, Sergei"]
[Black "Baikov, Vladimir A"]
[Result "1-0"]
[WhiteElo "2420"]
[BlackElo "2355"]
[Annotator "Boensch,U"]
[PlyCount "65"]
[EventDate "1991.??.??"]
[EventType "team-tourn"]
[EventRounds "5"]
[EventCountry "URS"]
[SourceTitle "EXT 2020"]
[Source "ChessBase"]
[SourceDate "2019.10.17"]
[SourceVersion "1"]
[SourceVersionDate "2019.10.17"]
[SourceQuality "1"]
[WhiteTeam "Russia"]
[BlackTeam "Moscow"]
[WhiteTeamCountry "RUS"]
[BlackTeamCountry "URS"]

1. e4 {Boensch} c5 2. Nf3 d6 3. d4 cxd4 4. Nxd4 Nf6 5. Nc3 Nc6 6. Bc4 Qb6 7.
Nb3 e6 8. O-O Be7 9. Bg5 Ne5 10. Be2 a6 (10... O-O 11. Kh1 a6 (11... Bd7 {
-CBM 24}) 12. f4 Ng6 13. f5 {N} Ne5 14. Qd2 Qc7 15. Rad1 $14 {Galdunc-Serper
Herson 1991 -Inf.51/190}) 11. Kh1 h6 $2 (11... O-O 12. f4 Ng6 $13) 12. Be3 Qc7
13. f4 Nc4 (13... Ng6 14. f5 $16) 14. Bxc4 Qxc4 15. e5 dxe5 16. fxe5 Nd5 (16...
Ng4 17. Bd4 h5 18. h3 $18) (16... Nd7 17. Qh5 g6 18. Qh3 $16) 17. Nxd5 exd5 (
17... Qxd5 18. Qh5 g6 (18... O-O 19. Rf3 $40) 19. Qh3 $16) 18. Nd4 O-O 19. Qh5
Bg5 20. b3 Qc3 21. Bxg5 Qxd4 (21... hxg5 22. Rad1 Qe3 $13) 22. Be7 Bg4 23. Qh4
Rfe8 24. Rae1 Qd2 25. Bf6 h5 (25... gxf6 26. Qxg4+ Kf8 27. Rd1 $18) 26. h3 gxf6
(26... Be2 27. Qg3 g6 28. Qf2 $18) 27. hxg4 Rxe5 $2 (27... Qg5 28. Qxg5+ fxg5
29. gxh5 $16) 28. Rxe5 fxe5 29. Qxh5 $18 Rf8 30. Rf5 Qe1+ (30... Kg7 31. Rg5+
Kf6 32. Qh6+ Ke7 33. Rxe5+ $18) 31. Kh2 Kg7 32. Qg5+ Kh7 33. Rf6 1-0

[Event "Leon"]
[Site "Leon"]
[Date "1992.??.??"]
[Round "4"]
[White "Sion Castro, Marcelino"]
[Black "Gulko, Boris F"]
[Result "0-1"]
[WhiteElo "2375"]
[BlackElo "2560"]
[Annotator "Boensch,U"]
[PlyCount "87"]
[EventDate "1992.04.??"]
[EventType "tourn"]
[EventRounds "9"]
[EventCountry "ESP"]
[EventCategory "11"]
[SourceTitle "CBM 031"]
[Source "ChessBase"]
[SourceDate "1992.12.01"]
[SourceVersion "1"]
[SourceVersionDate "1992.12.01"]
[SourceQuality "1"]

1. e4 c5 2. Nf3 Nc6 3. d4 cxd4 4. Nxd4 Nf6 5. Nc3 d6 6. Bc4 Qb6 7. Nb3 e6 8.
Bf4 (8. O-O Be7 9. Bg5 {-Sion Castro,M-Franco,Z CBM 31}) 8... Ne5 9. Be2 a6 (
9... Bd7 $5 10. O-O Be7 11. Be3 Qc7 12. f4 Nc4 13. Bxc4 Qxc4 14. Bd4 $14 {
Zaitsev,V-Kiselev,S Podolsk 1991}) 10. O-O (10. Be3 Qc7 11. f4 Nc4 12. Bxc4
Qxc4 13. Qf3 d5 14. e5 Ne4 15. Nxe4 Qxe4 16. Qxe4 dxe4 17. O-O-O $14 {Zaitsev,
V-Serper,G Moscow 1991}) 10... Qc7 11. a4 Bd7 12. Nd2 Be7 13. a5 Rc8 14. Be3
Bc6 15. f4 Ned7 16. Bf3 O-O 17. g4 $6 (17. Qe1 $5) 17... d5 18. e5 Ne8 19. Nb3
g6 20. Bd4 f6 $1 {xf4} 21. exf6 Bxf6 22. Bg2 Ng7 23. Qd2 Rf7 24. Rae1 Rcf8 $17
25. Be3 Be7 26. Qd4 $2 Bd6 27. Qd2 g5 $1 28. f5 Bxh2+ 29. Kh1 Bg3 30. Rd1 Ne5
31. Nd4 Nc4 32. Qc1 Nxe3 33. Qxe3 Bf4 34. Qh3 exf5 35. Nxd5 fxg4 36. Qc3 Qd6
37. Nxf4 Qh6+ 38. Kg1 gxf4 39. Nxc6 g3 40. Rf3 bxc6 41. Qc4 Kh8 42. b4 Nf5 43.
Qxf4 Qh2+ 44. Kf1 {Boensch} (44. Kf1 Ne3+ $1 45. Qxe3 Rxf3+ 46. Bxf3 g2+ $19)
0-1

[Event "Leon"]
[Site "Leon"]
[Date "1992.??.??"]
[Round "1"]
[White "Sion Castro, Marcelino"]
[Black "Franco Ocampos, Zenon"]
[Result "1/2-1/2"]
[WhiteElo "2375"]
[BlackElo "2520"]
[Annotator "Boensch,U"]
[PlyCount "60"]
[EventDate "1992.04.??"]
[EventType "tourn"]
[EventRounds "9"]
[EventCountry "ESP"]
[EventCategory "11"]
[SourceTitle "CBM 031"]
[Source "ChessBase"]
[SourceDate "1992.12.01"]
[SourceVersion "1"]
[SourceVersionDate "1992.12.01"]
[SourceQuality "1"]

1. e4 c5 2. Nf3 Nc6 3. d4 cxd4 4. Nxd4 Nf6 5. Nc3 d6 6. Bc4 Qb6 7. Nb3 e6 8.
O-O Be7 9. Bg5 O-O 10. Bxf6 Bxf6 (10... gxf6 11. Kh1 Ne5 12. Be2 Kh8 13. f4 Ng6
14. a4 Rg8 15. a5 Qc7 16. Qd2 Bd7 17. g3 a6 $14 {De Firmian,N-Rachels,S USA-ch
m 1990 1-0 44}) 11. Qxd6 Rd8 12. Qg3 Be5 $146 (12... Qb4 13. Be2 Bxc3 14. Qxc3
Qxe4 15. Rfe1 Bd7 (15... Rb8 $6 16. Bf3 Qb4 17. Qxb4 Nxb4 18. Rad1 Re8 19. Re4
$16 {Kuzmin,A-Kiselev,S URS 1988 - Inf.45/229}) 16. Rad1 Qb4 17. Qxb4 Nxb4 18.
c3 Nd5 19. Bf3 $14 {Kuzmin,A-Baikov,A URS 1988 - Inf.45/229}) 13. Qh3 Bd7 14.
Kh1 Qb4 15. Bd3 $6 (15. Be2 Bxc3 16. bxc3 Qe7 (16... Qxe4 $2 17. Bd3 $18) 17.
f4 $14) 15... Bxc3 16. bxc3 Qxc3 $15 17. e5 g6 18. f4 Nb4 19. Rf3 Bc6 20. Rg3 (
20. Bxg6 $2 Qxa1+ $1 21. Nxa1 Rd1+ 22. Rf1 Rxf1#) 20... Nxd3 21. cxd3 Bd5 (
21... Be4 $1 22. d4 Qb2 $17) 22. Rf1 Rac8 $2 (22... Bxb3 $17) 23. Qh6 Bxb3 24.
Rh3 $1 (24. axb3 Rxd3 $19) 24... Bd5 (24... Qc1 $4 25. Qxh7+ Kf8 26. Qh8+ Ke7
27. Qf6+ Kd7 28. Qxf7+ Kc6 29. Rxc1+ $18) 25. f5 $1 Qb2 (25... exf5 $4 26.
Qxh7+ Kf8 27. Qh8+ Ke7 28. Qf6+ Kd7 29. Qd6+ Ke8 30. Rh8#) 26. Qxh7+ Kf8 27.
Rg3 exf5 (27... Rc1 $2 28. Qh6+ $18) 28. Qh8+ Ke7 29. Qf6+ Ke8 (29... Kd7 $4
30. e6+ $18) 30. Qh8+ Ke7 {Boensch} 1/2-1/2

[Event "Hamburg SKA"]
[Site "Hamburg"]
[Date "1991.07.05"]
[Round "8"]
[White "Wahls, Matthias"]
[Black "Wirthensohn, Heinz"]
[Result "1-0"]
[WhiteElo "2560"]
[BlackElo "2460"]
[Annotator "Boensch,U"]
[PlyCount "65"]
[EventDate "1991.06.27"]
[EventType "tourn"]
[EventRounds "13"]
[EventCountry "GER"]
[EventCategory "11"]
[SourceTitle "CBM 024"]
[Source "ChessBase"]
[SourceDate "1991.10.01"]
[SourceVersion "1"]
[SourceVersionDate "1991.10.01"]
[SourceQuality "1"]

1. e4 {Boensch} c5 2. Nf3 Nc6 3. d4 cxd4 4. Nxd4 Nf6 5. Nc3 d6 6. Bc4 Qb6 7.
Nb3 e6 8. O-O Be7 9. Bg5 Ne5 10. Be2 O-O 11. Kh1 Bd7 (11... a6 12. f4 Ng6 13.
f5 {N} Ne5 14. Qd2 Qc7 15. Rad1 $16 {Galdunc-Serper, Herson 1991 -Inf.51/190})
12. f4 Ng6 13. Qd3 $5 {N} (13. Bh5 Nxh5 14. Bxe7 Ng3+ 15. hxg3 Nxe7 16. g4 f5
17. exf5 exf5 18. g5 Bc6 19. Qd4 Nd5 20. Nxd5 Qxd4 21. Ne7+ Kf7 22. Nxd4 Kxe7
$10 {Rublevsky-Ruban, Smolensk 1991 -CBM24}) 13... Rad8 $6 (13... h6 $2 14.
Bxf6 Bxf6 15. e5 $18) (13... Bc6 $5 14. f5 exf5 15. exf5 Ne5 $13) 14. f5 Ne5
15. Qg3 Kh8 16. Rf4 $40 Rc8 17. Raf1 h6 18. Qh3 Kh7 (18... Qd8 19. Bxh6 gxh6
20. Qxh6+ Nh7 21. f6 Bxf6 22. Rxf6 $16) 19. Rh4 Qd8 (19... Ng8 20. Bxe7 (20. f6
$1 Bxf6 21. Rxf6 $3 gxf6 (21... Nxf6 22. Rxh6+ gxh6 23. Qxh6+ Kg8 24. Bxf6 $18)
(21... Ng6 22. Rf1 $16) 22. Bxh6 Ng6 23. Bxf8+ Nxh4 24. Qxh4+ Kg6 25. Qg4+ Kh7
26. Qg7#) 20... Nxe7 21. f6 N7g6 22. fxg7 Kxg7 23. Rxh6 Rh8 $13) 20. Rff4 Rh8 (
20... Ng8 21. f6 Bxf6 22. Rxf6 Nxf6 23. Rxh6+ gxh6 24. Qxh6+ Kg8 25. Bxf6 $18)
21. Bxh6 $1 gxh6 22. Rxh6+ Kg7 23. Qg3+ Ng6 (23... Kxh6 24. Rh4+ Nh5 25. Rxh5#)
24. Rxh8 Qxh8 25. fxg6 fxg6 26. Rh4 Qe8 27. e5 Nd5 28. Rg4 Nxc3 29. Bd3 $1 Qf7
30. Rxg6+ Kf8 31. bxc3 dxe5 32. Qxe5 Ke8 33. Qh8+ (33. Qh8+ Bf8 34. Rf6 Qe7 35.
Bg6+ $18) 1-0

[Event "RUS-ch Army"]
[Site "Russia"]
[Date "1995.??.??"]
[Round "?"]
[White "Yagupov, Igor"]
[Black "Kiselev, Sergey"]
[Result "0-1"]
[WhiteElo "2415"]
[BlackElo "2495"]
[Annotator "Boensch,U"]
[PlyCount "74"]
[EventDate "1995.??.??"]
[EventType "tourn"]
[EventRounds "11"]
[EventCountry "RUS"]
[EventCategory "10"]
[SourceTitle "CBM 048"]
[Source "ChessBase"]
[SourceDate "1995.10.01"]
[SourceVersion "1"]
[SourceVersionDate "1995.10.01"]
[SourceQuality "1"]

1. e4 c5 2. Nf3 Nc6 3. d4 cxd4 4. Nxd4 Nf6 5. Nc3 d6 6. Bc4 Qb6 7. Nb3 e6 8.
Be3 Qc7 9. Be2 (9. f4 Be7 (9... a6 10. a4 Be7 11. O-O b6 12. Qe2 Bb7 13. Nd4
O-O 14. Rad1 Nb4 15. Bd3 Rfe8 16. Kh1 Bf8 $10 {Tsuranov,E-Ivanov,T Vladivostok
op (03) 1995 - EXP 46 1/2 45}) 10. O-O O-O 11. Bd3 a6 12. a4 b6 13. Qf3 Rb8 (
13... Bb7 14. g4 Nd7 15. g5 Nb4 16. Qg3 d5 17. exd5 Nxd3 18. cxd3 exd5 19. Rac1
Nc5 20. Nxc5 bxc5 $15 {Basanta,G-O'Donnell,T Canada zt (11) 1992 1-0 40}) 14.
Rae1 Nb4 15. g4 Nd7 16. g5 Re8 17. Qh5 g6 18. Qh4 Bf8 19. Rf3 Bg7 20. Ref1 Bb7
21. Rh3 Nf8 22. Nd4 e5 $132 {Vasilescu,V-Giffard,N FRA-chT (Belfort-Auxerre[8])
1991 0-1 41}) (9. f3 a6 10. a4 Nb4 11. Bd3 d5 12. Qd2 Bd6 13. g4 h6 14. O-O-O
Bd7 15. Kb1 Be5 16. Nd4 Bxd4 17. Bxd4 e5 18. Bf2 d4 19. Nd5 Nbxd5 20. exd5 Nxd5
$15 {Kovacs,G-Lendvai,N/Balatonbereny op (09) 1992/1-0 (51)}) (9. Qe2 a6 10.
Bd3 b5 11. f4 Be7 12. a4 b4 13. Nb1 e5 $6 (13... Bb7 14. a5 Nd7 $13) 14. f5 Bb7
15. N1d2 Nb8 16. g4 d5 (16... h6 $5) 17. g5 dxe4 (17... Nxe4 18. Nxe4 dxe4 19.
Bc4 $13) 18. Bc4 Nd5 19. f6 $1 $16 {Polgar,J-Fedorowicz,J Amsterdam OHRA-B (07)
1990 1-0 28}) 9... Be7 10. f4 O-O 11. Bf3 Bd7 12. g4 $2 {Weiß versucht den
Umstand auszunutzen, daß dem Nf6 das natürliche Rückzugsfeld d7 versperrt ist.
Durch seine schlechte Entwicklung ist er aber ungenügend vorbereitet und läuft
in einen schwarzen Konter.} Na5 13. Nxa5 Qxa5 14. g5 Ne8 15. Qd2 f6 $1 16. h4 (
16. gxf6 Bxf6 17. e5 (17. O-O Bxc3 18. bxc3 Rc8 $15) 17... Bh4+ 18. Bf2 Bxf2+
19. Kxf2 Qb6+ 20. Kg2 Bc6 $17) 16... Bc6 (16... fxg5 $2 17. hxg5 Bxg5 18. Rh5
h6 19. Bg2 $16) 17. Qg2 (17. O-O f5 18. Nd5 Qd8 19. Nxe7+ Qxe7 $15) 17... Rc8
18. O-O-O f5 $1 {Der weiße Angriff am Königsflügel ist Geschichte und Schwarz
hat genügend Zeit einen eigenen Angriff am Damenflügel aufzubauen.} 19. Kb1 (
19. exf5 $2 Rxf5 {und der Rf8 spielt mit.}) 19... fxe4 20. Nxe4 d5 (20... Rf5
21. Bg4 $13) 21. Nd2 (21. Bg4 Nc7 22. Qh3 Rce8 23. Bxe6+ Kh8 24. Bd2 Bb4 25. c3
Be7 26. c4 (26. Ng3 Nxe6 27. Qxe6 Bxg5 28. Qg4 Bf6 $15) 26... Bb4 27. cxd5 Rxe6
28. Bxb4 Qxb4 29. Nc3 Nxd5 30. Nxd5 Qe4+ $19) 21... Ba4 $6 (21... Nd6 $1 22.
Nb3 Qc7 23. Rhe1 (23. Nc5 Nf5 24. Bf2 Bxc5 25. Bxc5 Ba4 $19) 23... Nf5 $15) 22.
Nb3 (22. b3 $5 Qc3 (22... Bb5 23. Bxd5 $2 (23. Bg4 Nc7 24. Nf3 $132) 23... exd5
24. Qxd5+ Rf7 25. c4 Qc3 $19) 23. Nf1 Bb5 24. Bd4 $13) 22... Bxb3 23. axb3 (23.
cxb3 $1 Nd6 24. Rhe1 Nf5 25. Bf2 $132) 23... Rc6 (23... Nd6 $1 $15) 24. f5 $2 (
24. c4 $1 $13) 24... Ra6 25. c3 Rxf5 $17 26. Bg4 Re5 27. Bd4 Re4 28. Rhf1 (28.
Bf3 Rf4 29. Be5 Rf5 $19) 28... Qa2+ 29. Kc2 Ra3 $19 30. Bxe6+ (30. Qf3 Qxb3+
31. Kd3 (31. Kb1 Nd6 32. Bc5 Ra2 33. Rd2 Qa4 34. Ba3 (34. Bxd6 Ra1#) 34... Rxa3
35. bxa3 Rxg4 $19) 31... Qc4+ 32. Kc2 (32. Kd2 Rxd4+ $19) 32... Qa4+ 33. Kc1
Ra1+ 34. Kd2 Rxd1+ 35. Rxd1 Nd6 $19) 30... Rxe6 31. Qxd5 Nc7 32. Qd7 (32. Qf5
Qxb3+ 33. Kb1 Rd6 (33... Re2 $2 34. Qc8+ Bd8 35. Qxd8+ Ne8 36. Rf8+ Kxf8 37.
Bc5+ Kg8 38. Bxa3 $13) 34. Qc8+ Rd8 35. Qxc7 Ra2 36. Qh2 Qa4 37. Kc1 Ba3 $19)
32... Qxb3+ 33. Kd3 (33. Kb1 Qa2+ 34. Kc2 Re2+ 35. Kd3 Qxb2 36. Qc8+ Bd8 37.
Qxd8+ Re8 $19) 33... Qxb2 34. Qc8+ Bd8 35. Qxd8+ Re8 36. Rf8+ Kxf8 37. Qd6+ Kg8
0-1

[Event "USA-ch"]
[Site "USA"]
[Date "1989.??.??"]
[Round "8"]
[White "Fedorowicz, John P"]
[Black "Rachels, Stuart"]
[Result "1/2-1/2"]
[WhiteElo "2560"]
[BlackElo "2385"]
[Annotator "Boensch,U"]
[PlyCount "104"]
[EventDate "1989.11.??"]
[EventType "tourn"]
[EventRounds "15"]
[EventCountry "USA"]
[EventCategory "12"]
[SourceTitle "CBM 019"]
[Source "ChessBase"]
[SourceDate "1990.12.01"]
[SourceVersion "1"]
[SourceVersionDate "1990.12.01"]
[SourceQuality "1"]

1. e4 {Bönsch} c5 2. Nf3 Nc6 3. d4 cxd4 4. Nxd4 Nf6 5. Nc3 d6 6. Bc4 Qb6 7. Nb3
(7. Ndb5 a6 8. Be3 Qa5 9. Nd4 Ng4 10. Nxc6 bxc6 11. Bd2 g6 12. Qe2 Bg7 13.
O-O-O O-O 14. f4 Qb6 15. h3 Nf6 16. Bb3 Be6 17. e5 Nd5 18. exd6 exd6 19. Nxd5
Bxd5 20. Be3 Qb4 21. Qd2 Qxd2+ 22. Rxd2 $10 {De Firmian - Rachels, USA-ch 1989}
) 7... e6 8. Bg5 Be7 9. Bxf6 gxf6 10. O-O (10. Qh5 O-O 11. O-O Kh8 12. Kh1 Ne5
13. Be2 Rg8 14. f4 Ng6 15. Rad1 Bd7 16. Rd3 Rac8 17. f5 Ne5 18. Rh3 Rg7 19. Rf4
Qd8 20. Nd4 Qg8 $13 {Van Riemsdijk - Rachels, Manila izt 1990}) 10... Bd7 11.
Kh1 O-O-O $5 12. a4 a6 13. Qh5 Ne5 14. Be2 Kb8 15. a5 Qc7 16. f4 Ng6 17. g3
Rdg8 18. Rad1 Bc6 19. Bf3 Bd8 20. Rd2 Be7 21. Bg2 Rg7 22. Nd4 Bd7 23. Rd3 Qc4 {
23...Lc8!? /\ 24...Dc5} (23... Qc5 $2 24. Qxc5 dxc5 25. Nf5 $18) 24. Nce2 Bd8
25. b3 Qb4 26. Ra1 Rgg8 27. c4 Bc8 28. Nc2 Qc5 29. Qf3 h5 30. b4 $44 Qxc4 31.
Rc3 Qb5 32. Ncd4 Qd7 (32... Qxb4 $2 33. Nc6+ bxc6 34. Rb3) 33. Rac1 Be7 $8 34.
b5 e5 35. Rc7 $5 (35. bxa6 exd4 36. Rb3 $13) 35... Qxc7 36. Rxc7 Kxc7 37. Nf5
h4 38. Qc3+ Kb8 39. b6 Bd8 40. Nxd6 Bg4 41. h3 (41. f5 Ne7 $8 42. Nxf7 Bxe2 $19
) 41... hxg3 42. Kg1 Bd7 43. f5 Nh4 44. Nxf7 Rh7 (44... Bc6 $5) 45. Nxd8 Bb5
46. Ne6 Bxe2 47. Qd2 Nxg2 48. Nf8 $1 $10 Kc8 (48... Rxf8 $2 49. Qd6+ Kc8 50.
Qxf8+ Kd7 51. Kxg2 $18) 49. Qc3+ Kb8 50. Qd2 Kc8 51. Qc1+ Kb8 52. Qd2 Kc8
1/2-1/2

[Event "Capablanca Memorial Elite 31st"]
[Site "Cienfuegos"]
[Date "1996.??.??"]
[Round "8"]
[White "Morovic Fernandez, Ivan"]
[Black "Hernandez Guerrero, Gilberto Eduardo"]
[Result "1-0"]
[WhiteElo "2575"]
[BlackElo "2555"]
[Annotator "Boensch,U"]
[PlyCount "61"]
[EventDate "1996.05.??"]
[EventType "tourn"]
[EventRounds "13"]
[EventCountry "CUB"]
[EventCategory "12"]
[SourceTitle "CBM 054"]
[Source "ChessBase"]
[SourceDate "1996.10.01"]
[SourceVersion "1"]
[SourceVersionDate "1996.10.01"]
[SourceQuality "1"]

1. e4 {Kanstler} c5 2. Nf3 Nc6 3. d4 cxd4 4. Nxd4 Nf6 5. Nc3 d6 6. Bc4 Qb6 7.
Nxc6 bxc6 8. O-O g6 (8... e6 9. Kh1 (9. Qe2 {Kanstler} Nd7 10. b3 Be7 11. Na4
Qc7 12. Bb2 O-O 13. f4 d5 14. Bd3 g6 15. c4 Bf6 16. Bxf6 $6 (16. Rac1 $5 Bxb2
17. Qxb2 $14) 16... Nxf6 17. e5 $13 {Prie,E-Miralles,G/FRA/1989/0:1/38/}) 9...
Be7 10. f4 d5 11. Bd3 O-O 12. e5 Nd7 13. Rf3 g6 14. Na4 Qc7 15. c4 Nb6 $10 {
0-1 Martinez,C-Timman,J/Oviedo 25' (02) 1993 (30)}) 9. e5 {N/} (9. Bb3 Bg7 10.
Bf4 (10. Be3 Qc7 11. f4 O-O 12. Bd4 a5 13. Kh1 e5 14. fxe5 dxe5 15. Bc5 Rd8 16.
Qe1 $14 {1-0 Votava,J-Kolesar,M/Brno/Morava-C (11) 1991 (34)}) 10... Nd7 (10...
Qc7 11. Re1 Ng4 12. Qd2 h6 13. Rad1 $14 {Del Rio,S-Kozul,Z/Ubeda op ;EXP 51
1996/1-0 (49)}) (10... O-O $6 {Kanstler} 11. e5 dxe5 12. Bxe5 $16) 11. Bg5 a5
12. Qf3 Ne5 13. Qg3 Ba6 14. Rfe1 Qc7 15. Rad1 $14 {Prie,E-Tukmakov,V/Aix les
Bains (3) 1991/1/2-1/2 (52)}) (9. h3 Bg7 10. Rb1 O-O 11. Be3 Qc7 12. f4 e6 13.
Be2 a5 14. Qe1 a4 15. Qf2 Nd7 16. Nd1 d5 $10 {Koch,JR-Steingrimsson,H/
Reykjavik FRA-ISD (10) 1993/1-0 (65)}) 9... dxe5 10. Qe2 Qc7 (10... Bg7 11.
Qxe5 O-O 12. Qxe7 Bf5 13. Bb3 Rae8 14. Qd6 Ng4 15. Bf4 Bxc3 16. bxc3 $16 {
1-0 Morovic Fernandez,I-Becerra Rivero,J/Capablanca mem-A (12) ;CBM 54_06 1996
(32)} (16. bxc3 Re2 17. Rab1 $1 Qd8 $8 (17... Rxf2 $6 {Kanstler} 18. Bxf7+ $18)
(17... Rd8 {Kanstler}) (17... Qa5 $2 {Kanstler} 18. h3 Ne5 19. Bh6 Re8 20. Qf6
$18) 18. h3 Nf6 19. Qxc6 Nh5 20. Be3 Bxc2 21. Rbe1 Rxe1 22. Rxe1 Bxb3 23. axb3
$18 {Morovic,I-Becerra Rivero,J/Capablanca mem-A(12)/1996/1:0/32/})) (10... Qa5
$6 {Kanstler} 11. f4 $16) (10... Qc5 $5 {Kanstler} 11. Be3 Qa5 $13) (10... Qd4
$5 {Kanstler} 11. Be3 (11. Rd1 $6 Bg4 12. Rxd4 Bxe2 13. Rh4 $13)) 11. f4 e4 (
11... exf4 $2 12. Bxf4 Qb6+ 13. Be3 Bg4 14. Qe1 Qd8 (14... Qxb2 15. Rxf6 $18)
15. Ne4 $1 Nxe4 (15... Nd5 16. Bd4 $18) 16. Bxf7+ Kd7 17. Qb4 Nf6 (17... Bh6
18. Bxh6 (18. Rfe1 Nf6 19. Qb7+ Qc7 20. Qxc7+ Kxc7 21. Bxh6 $16) 18... Qb6+ 19.
Qxb6 axb6 20. h3 Be2 (20... Be6 21. Bxe6+ Kxe6 22. Rae1 Kd5 23. c4+ $18) 21.
Rfe1 Nd6 22. Bg7 Rhd8 23. Bxg6 $16) 18. Qb7+ Kd6 19. Rxf6+ exf6 20. Bf4+ Kc5
21. c3 $18) 12. Nxe4 Nxe4 13. Qxe4 Bg7 14. c3 O-O 15. Be3 Rb8 $10 (15... Bf5 {
Kanstler} 16. Qf3 Rab8 17. Rf2 $16) 16. Qc2 a5 17. a4 Qb7 18. Rf2 Bf5 19. Qe2 {
/\ 20.Bc5 Rfe8 21.g4 Bd7 22.f5+/-/} h5 $6 (19... Be4 $5 20. Bc5 Bd5 21. Bxd5
cxd5 22. Qxe7 Rfc8 23. Qxb7 Rxb7 $44) 20. h3 {/\ 21.Bc5 Rfe8 22.g4+/-/} h4 $2
21. Rd1 Rfd8 22. Rxd8+ Rxd8 23. Qe1 Bf6 24. Rd2 Re8 (24... Rxd2 25. Qxd2 Qc7
26. b4 $14 {[%cal Ga4a8]}) 25. Bf2 $16 Qc7 26. Bxh4 Qxf4 $2 27. Bxf6 Qxc4 28.
Qxe7 $1 $18 Qe4 (28... Rxe7 $4 {Kanstler} 29. Rd8+ Kh7 30. Rh8#) 29. Qxe4 Bxe4
30. b4 axb4 31. cxb4 (31. cxb4 Bd5 (31... Bf5 32. Rd4 $18 {/\ Rh4}) 32. b5 $18)
1-0